000 00315 a2200145 4500
001 166365
020 _a
040 _cMagnum
100 _aSerbino, Raquel Volpato Et Al.
240 1 0 _aFormacao de professores
_lpor
245 1 0 _aFormacao de professores
362 0 _a1899
697 _aPEDAGOGIA
942 _cBK
999 _c166365
_d166365